Propaganda by Country - Statistics

General Stats
  • This quiz has been taken 109 times
  • The average score is 13 of 16
Answer Stats
Picture Answer % Correct
Germany
100%
India
100%
United States
100%
North Korea
99%
Cuba
98%
Japan
97%
Soviet Union
92%
China
91%
Turkey
86%
Italy
85%
Taiwan
85%
United Kingdom
78%
Mexico
67%
Libya
58%
France
56%
Spain
35%
No matching quizzes found
Score Distribution
Percent of People with Each Score
Percentile by Number Answered
Your Score History
You have not taken this quiz